00874nam a22002537a 450000500170000001000130001702000210003003500130005103700160006404000120008008200160009210000240010824501510013226000390028327000150032230000200033750000210035765000210037865000260039970000280042594200250045399900190047895201230049720170124105950.0 aA-631138 c00.00a091880115 aA-637738 bCen Lib/Ret aDPLbEN a299.93bHEA aHeart Master913443 aThe da upanishad :cby Heart Master [and] Da Love Anandabshort discourses on self-renuciation, god-realization, and the illusion of relatedness / aCaliforniabDawn Horse Pressc1989 bCalifornia a514p.c20cm(Hb) aIncludes index  aHinduism 986064 aSpiritual life 98840 aAnanda, Da-Love 913445 2ddccENh299.93mHEA c125231d125231 00104070aLbLd2015-06-20eCen Lib/Retg0.00l0o299.93 HEApA-631138r2015-06-20 00:00:00t1v0.00w2015-06-20yEN